BIBLIOTECA PODER JUDICIAL
Portal Judicial TDF

Doble conforme y prueba en alzada. La coherencia de las garantías frente a los costos del proceso / (Registro nro. 5620)

000 -LEADER
fixed length control field 01652nab a22002777a 4500
003 - CONTROL NUMBER IDENTIFIER
control field OSt
005 - DATE AND TIME OF LATEST TRANSACTION
control field 20251222230554.0
008 - FIXED-LENGTH DATA ELEMENTS--GENERAL INFORMATION
fixed length control field 190429b xxu||||| |||| 00| 0 spa d
040 ## - CATALOGING SOURCE
Transcribing agency PJ
100 ## - MAIN ENTRY--PERSONAL NAME
9 (RLIN) 6593
Personal name Mitre, Agustina
245 10 - TITLE STATEMENT
Title Doble conforme y prueba en alzada. La coherencia de las garantías frente a los costos del proceso /
Statement of responsibility, etc Agustina Mitre, Juan Macario Santamarina.
260 ## - PUBLICATION, DISTRIBUTION, ETC. (IMPRINT)
Date of publication, distribution, etc Ciudad Autónoma de Buenos Aires :
Place of publication, distribution, etc Thomson Reuters La Ley,
Name of publisher, distributor, etc 2025.
300 ## - PHYSICAL DESCRIPTION
Extent p. 71-79
500 ## - GENERAL NOTE
General note Cita: TR LALEY AR/DOC/2843/2025.
505 ## - FORMATTED CONTENTS NOTE
Formatted contents note Sumario: I. Planteo del problema.— II. Los Códigos Procesales Penales Adversariales. Recepción legislativa a la posibilidad de producir prueba en alzada.— III. El derecho al doble conforme como garante del estado de inocencia.— IV. La motivación de la sentencia como requisito de validez y su verificación como condición de legalidad: toda nueva motivación exige un nuevo control.— V. Criterios de proporcionalidad y buenas prácticas procesales para la revisión de la prueba en alzada.— VI. Conclusión.
505 ## - FORMATTED CONTENTS NOTE
Title Si te interesa el texto completo, solicitalo a koha@justierradelfuego.gov.ar
650 #0 - SUBJECT ADDED ENTRY--TOPICAL TERM
9 (RLIN) 343
Topical term or geographic name as entry element DERECHO PENAL
650 #0 - SUBJECT ADDED ENTRY--TOPICAL TERM
9 (RLIN) 2348
Topical term or geographic name as entry element PROCESO PENAL
650 #0 - SUBJECT ADDED ENTRY--TOPICAL TERM
9 (RLIN) 179
Topical term or geographic name as entry element GARANTIAS CONSTITUCIONALES ›
650 #0 - SUBJECT ADDED ENTRY--TOPICAL TERM
9 (RLIN) 2978
Topical term or geographic name as entry element RECURSO DE ALZADA
650 #0 - SUBJECT ADDED ENTRY--TOPICAL TERM
9 (RLIN) 180
Topical term or geographic name as entry element DEBIDO PROCESO
650 #0 - SUBJECT ADDED ENTRY--TOPICAL TERM
9 (RLIN) 2649
Topical term or geographic name as entry element DOBLE INSTANCIA
700 ## - ADDED ENTRY--PERSONAL NAME
9 (RLIN) 6594
Personal name Santamarina, Juan Macario
Función coautor
773 0# - HOST ITEM ENTRY
Host Biblionumber 2658
Host Itemnumber 3164
Title Revista de derecho penal y criminología. Nº 11 - Diciembre 2025
Place, publisher, and date of publication Ciudad Autónoma de Buenos Aires : Thomson Reuters La Ley, 2017-
International Standard Serial Number 00347914
942 ## - ADDED ENTRY ELEMENTS (KOHA)
Source of classification or shelving scheme
Koha item type Analítica Artículo de Revista

No hay ítems disponibles.

12 de Octubre 789 Ushuaia - Tel:  54(02901)441571
Horario de Atención: 8.00 a 17.00 hs. 
bibliotecaush@justierradelfuego.gov.ar
koha@justierradelfuego.gov.ar
Seguinos en nuestras redes @bibliojustdf 

Con tecnología Koha